000 01298cam a2200361 a 4500
001 14437615
003 OSt
005 20251201085102.0
008 060705s2008 maua 001 0 eng
010 _a 2006044688
020 _a9780321416162
020 _a0321416163
035 _a14437615
040 _aDLC
_cDLC
_dDLC
050 0 0 _aQA154.3
_b.B5824 2008
082 0 0 _a512.9
_222
100 1 _aBittinger, Marvin L.
245 1 0 _aIntermediate algebra :
_bgraphs and models /
_cMarvin L. Bittinger, David J. Ellenbogen, Barbara L. Johnson.
250 _a3rd ed.
260 _aBoston :
_bPearson Addison Wesley,
_cc2008.
300 _av. 1 (various pagings) :
_bill. (some col.) ;
_c26 cm.
336 _atext
_btxt
_2rdacontent
337 _aunmediated
_bn
_2rdamedia
338 _avolume
_bnc
_2rdacarrier
500 _aIncludes index.
650 0 _aAlgebra.
700 1 _aEllenbogen, David.
700 1 _aJohnson, Barbara L.
_q(Barbara Loreen),
_d1962-
906 _a7
_bcbc
_corignew
_d1
_eocip
_f20
_gy-gencatlg
942 _2lcc
_cBK
999 _c265392
_d265391